Países com mais de 100 milhões de pessoas - Statistics

Estatísticas Gerais
  • Esse quiz foi jogado 219 vezes
  • A pontuação média é 13 de 14
Estatísticas das Respostas
Imagem Resposta % Correto
Brasil
100%
China
100%
Estados Unidos
100%
Índia
100%
Japão
100%
Rússia
100%
México
99%
Egito
98%
Nigéria
97%
Indonésia
89%
Paquistão
88%
Bangladesh
85%
Filipinas
84%
Etiópia
74%
Nenhum quiz correspondente encontrado
Distribuição das Pontuações
Porcentagem de Pessoas com Cada Pontuação
Percentil de Números Respondidos
Sua Pontuação Histórica
Você não jogou esse quiz